000 00593nam a22001817a 4500
999 _c20404
_d20404
003 BDDh-ASL
005 20231015025902.0
008 210107s1968 ny ||||| |||| 00| 0 eng d
040 _cBDDh-ASL
082 _a297.0966
_bLEM
100 1 _92664
_aLevtzion, Nehemia
245 1 0 _aMuslim and Chiefs in West Africa:
_ba study of islam in the middle volta basin in the pre-colonial period /
260 _aLondon:
_bOxford University Press,
_c1968.
300 _a228 p.:
_c22 cm.
504 _aInclude Bibliographical References and Index
650 0 _91652
_aIslam
_zAfrica
942 _2ddc
_cBK